logo

Bir Sreshtho Munshi Abdur Rouf Library
Jhenaidah Cadet College

লাঞ্ছিত নিপীড়িত / (Record no. 1997)

MARC details
000 -LEADER
fixed length control field 00766nam a2200217 a 4500
001 - CONTROL NUMBER
JCCL Control Number 1997
003 - CONTROL NUMBER IDENTIFIER
JCCL marc code BD-JhCC
005 - DATE AND TIME OF LATEST TRANSACTION
control field 20171028130228.0
008 - FIXED-LENGTH DATA ELEMENTS--GENERAL INFORMATION
fixed length control field 171028s bg a|||| ||a| 000 0 ben d
035 ## - SYSTEM CONTROL NUMBER
system control number (BD-JhCC)1997
040 ## - CATALOGING SOURCE
Original cataloging agency BD-JhCC
Modifying agency BD-JhCC
041 ## - LANGUAGE CODE
Language code of Book ben
082 ## - DEWEY DECIMAL CLASSIFICATION NUMBER
Classification number 823.09
Author mark and Year DOT
100 ## - MAIN ENTRY--PERSONAL NAME
Personal name দস্তোয়েভস্কি, ফিওদর
245 ## - TITLE STATEMENT
Title লাঞ্ছিত নিপীড়িত /
Statement of responsibility, etc ফিওদর, দস্তোয়েভস্কি; ননী ভৌমিক (অনু.)
260 ## - PUBLICATION, DISTRIBUTION, ETC. (IMPRINT)
Place of publication, distribution, etc মস্কো :
Name of publisher, distributor, etc বিদেশী ভাষায় সাহিত্য প্রকাশালয়,
300 ## - PHYSICAL DESCRIPTION
Pagination 493 p. :
Other physical details illu;
Dimensions 20 cm.
650 ## - SUBJECT ADDED ENTRY--TOPICAL TERM
Topical term or geographic name as entry element English Fiction
942 ## - ADDED ENTRY ELEMENTS (KOHA)
Source of classification or shelving scheme Dewey Decimal Classification
Koha item type Books
Holdings
Source of classification or shelving scheme Damaged status Not for loan Home library Current library Shelving location Date of accession Total Checkouts Full call number Barcode Date last seen Copy number Koha item type
Dewey Decimal Classification     JCC Rouf Library JCC Rouf Library General Stacks 10/28/2017   823.09 DOT 3489 10/28/2017 C-1 Books

JCC Library | Contacts | JCC Home

Last Update on 23 September 2017
Copyright @ 2017-2020 JCC Rouf Library
Rouf Library, Jhenidah Cadet College (JCC), Bangladesh